Identify the Bond film from the other spies - Statistics

General Stats
  • This quiz has been taken 29 times
  • The average score is 11 of 15
Answer Stats
Hint Film % Correct
Giacinta "Jinx" JohnsonNSA Die Another Day
96%
Holly GoodheadCIA Moonraker
96%
Major Anya AmasovaKGB The Spy Who Loved Me
96%
Alec TrevelyanMI6 Goldeneye
93%
Colonel Wai LinChinese People's External Security Force Tomorrow Never Dies
89%
Aki Japanese Secret Service You Only Live Twice
89%
Rosie CarverCIA Live And Let Die
81%
Jack WadeCIA Goldeneye / Tomorrow Never Dies
78%
Logan AshCIA No Time To Die
70%
Chuck LeeCIA A View To A Kill
56%
Pola IvanovaKGB A View To A Kill
56%
NomiMI6 No Time To Die
56%
Paula CaplanMI6 Thunderball
52%
Harry StrutterCIA Live and Let Die
44%
Sergei BarsovKGB The Spy Who Loved Me
33%
No matching quizzes found
Score Distribution
Percent of People with Each Score
Percentile by Number Answered
Your Score History
You have not taken this quiz